000 00474nam a2200157Ia 4500
008 210716s9999 xx 000 0 und d
020 _a9780070620230
041 _aeng
082 _a658.1511 KHAM
100 _aKhan, M Y;Jain, P K.
245 _aManagement accounting: text problems and cases.
_bText problems and cases
250 _a6
260 _aNew Delhi
_bTata McGraw Hill Publishing Company Ltd
300 _axv,24.60,I.10/2014
650 _aManagement Accounting
999 _c209678
_d209678